Kliknij kolor, a nie słowo - Statystyki

Ogólne statystyki
  • Ten quiz został rozwiązany 5 981 razy
  • Średni wynik to 32 z 49
Statystyki odpowiedzi
Hint Odpowiedź % Poprawnych
CZERWONY CZERWONY
71%
POMARAŃCZOWY POMARAŃCZOWY
71%
BIAŁY BIAŁY
71%
ŻÓŁTY ŻÓŁTY
70%
ZIELONY ZIELONY
69%
NIEBIESKI NIEBIESKI
69%
FIOLETOWY FIOLETOWY
69%
ŻÓŁTY CZERWONY
67%
ZIELONY ŻÓŁTY
67%
NIEBIESKI ŻÓŁTY
67%
FIOLETOWY ŻÓŁTY
67%
CZERWONY ZIELONY
67%
FIOLETOWY ZIELONY
67%
POMARAŃCZOWY BIAŁY
67%
NIEBIESKI BIAŁY
67%
FIOLETOWY BIAŁY
67%
ZIELONY CZERWONY
66%
NIEBIESKI CZERWONY
66%
FIOLETOWY CZERWONY
66%
BIAŁY CZERWONY
66%
NIEBIESKI POMARAŃCZOWY
66%
CZERWONY ŻÓŁTY
66%
NIEBIESKI ZIELONY
66%
ZIELONY NIEBIESKI
66%
BIAŁY NIEBIESKI
66%
ŻÓŁTY FIOLETOWY
66%
ZIELONY FIOLETOWY
66%
NIEBIESKI FIOLETOWY
66%
CZERWONY BIAŁY
66%
ŻÓŁTY BIAŁY
66%
ZIELONY BIAŁY
66%
POMARAŃCZOWY CZERWONY
65%
CZERWONY POMARAŃCZOWY
65%
ZIELONY POMARAŃCZOWY
65%
FIOLETOWY POMARAŃCZOWY
65%
BIAŁY POMARAŃCZOWY
65%
POMARAŃCZOWY ŻÓŁTY
65%
BIAŁY ŻÓŁTY
65%
POMARAŃCZOWY ZIELONY
65%
ŻÓŁTY ZIELONY
65%
CZERWONY NIEBIESKI
65%
POMARAŃCZOWY NIEBIESKI
65%
CZERWONY FIOLETOWY
65%
POMARAŃCZOWY FIOLETOWY
65%
BIAŁY FIOLETOWY
65%
ŻÓŁTY POMARAŃCZOWY
64%
BIAŁY ZIELONY
64%
ŻÓŁTY NIEBIESKI
64%
FIOLETOWY NIEBIESKI
64%
Nie znaleziono quizów pasujących do podanych kryteriów
Rozkład punktacji
Procent ludzi z każdym wynikiem
Percentyl według liczby udzielonych odpowiedzi
Twoja historia wyników
Nie rozwiązałeś tego quizu